| 000 | 00860cab a2200301 4500 | ||
|---|---|---|---|
| 001 | ABS59668 | ||
| 008 | 090401t1998 xxu||||| |||| 00| 0 eng d | ||
| 035 | _a(Sirsi) u89556 | ||
| 041 | _aeng | ||
| 100 | _aDixon, D | ||
| 245 | _aRadon and house purchase | ||
| 260 | _c1998 | ||
| 350 | _a0 | ||
| 490 |
_aBuilding Control _v(97) November 1998, 6-7(2) |
||
| 520 | _aThe potential risks of radon exposure are considered in the context of house purchases. Discusses the atlas of radon potential, Affected Areas, and radon measurements. | ||
| 650 | _aEXPOSURE | ||
| 650 | _aHOUSE PURCHASE | ||
| 650 |
_aMeasurement _96256 |
||
| 650 | _aRADON AFFECTED AREAS | ||
| 650 | _aRADON ATLAS | ||
| 650 | _aRADON BONDS | ||
| 650 | _aRADON | ||
| 650 | _aRISKS | ||
| 650 | _aVALUATION REPORTS | ||
| 690 | _aHOUSING | ||
| 942 | _n0 | ||
| 948 | _c09/11/1998 | ||
| 999 |
_c56674 _d56674 |
||